banner-ar

LE MYSTERE DES PLANTES / (Record no. 23882)

MARC details
000 -الفاتح
حقل البيانات ثابتة الطول 00426nam a2200181Ia 4500
008 - عناصر البيانات ثابتة الطول - معلومات عامة
حقل البيانات ثابتة الطول 140319s9999 xx 000 0 eng d
040 ## - مصدر الفهرسة
وكالة الفهرسة الأصلية GCL /
وكالة النسخ GCL
082 04 - رقم تصنيف ديوى العشرى
رقم التصنيف 581.1
رقم المادة B M
100 1# - المدخل الرئيسى - إسم شخصى
الإسم الشخصى BURNIE, DAVID
245 10 - بيان العنوان
العنوان LE MYSTERE DES PLANTES /
بيان المسئوليه,etc BURNIE, DAVID
300 ## - الوصف المادى
التعداد 64 P
650 04 - المدخل الاضافى بالموضوع-مصطلح موضوعى
مصطلح موضوعي FLOWERS
650 04 - المدخل الاضافى بالموضوع-مصطلح موضوعى
مصطلح موضوعي MYSTERES PLANTES
650 04 - المدخل الاضافى بالموضوع-مصطلح موضوعى
مصطلح موضوعي PLANT
942 ## - عناصر المدخل الإضافي( كوها)
مصدر التصنيف او مخطط الترفيف Dewey Decimal Classification
Koha [default] item type كتاب
260 ## - PUBLICATION, DISTRIBUTION, ETC. (IMPRINT)
-- [S.N] :
-- GALLIMARD
Holdings
حالة التراجع حالة الفقد حالة تلف ليس للاعارة المكان المؤقت الموقع الحالى تاريخ الاكتساب اجمالي اﻻعارات رقم الطلب الباركود تاريخ اخر مشاهدة تاريخ تفعيل السعر نوع وعاء كوها
        مكتبة القاهرة الكبرى مكتبة القاهرة الكبرى 03/26/2014   581.1\B M 42557 03/26/2014 03/26/2014 كتاب

Powered By

EGPV